00433nam a2200181Ia 4500003000900000008004100009040001300050040001300063041000800076100002800084245005100112250001100163260001400174300001100188300001000199490003500209490000700244IT-RoPAU120407s9999 xx 000 0 und d aIT-RoPAU cIT-RoPAU aita aHans Urs von Balthasar  aNello spazio della metafisica. L’antichità aMilano aJaka Book a380 p. c24 cm aGloria. Una estetica teologica v48